000 00634cam a2200217 4500
001 WB3609-21
008 000000n2000 000 0 eng u
035 _a(Sirsi) u104540
245 _aHome ownership
260 _c2000
490 _aIndependent
_v2 March 2000, 12(1)
520 _aGovernment statistics show that the number of people who own their home has risen for the first time in 10 years.
590 _aWB
650 _aHOME OWNERSHIP
650 _aHOME OWNERS
650 _aGENERAL HOUSEHOLD SURVEY
650 _aPROPERTY TRANSACTIONS
650 _aSTATISTICS
690 _aHOUSING-OWNER OCCUPIED
942 _n0
999 _c62728
_d62728